000 01526nam a2200289 4500
001 000007860
003 DO-SdBNP
005 20180307095143.0
007 000007860
008 160517b 2013 dr a ||||| |||| 00| 0 spa d
020 _a9789945472288
040 _aBPMSU
_bspa
_cBPMSU
082 _a378.54
_bM539q 2013
100 1 _aMendoza de Cid, Carmen Leticia
245 1 _aQuímica :
_bprácticas de laboratorio /
_cCarmen Leticia Mendoza de Cid
250 _a2a. ed.
260 _aSanto Domingo :
_bINTEC,
_c2013.
300 _avii, 66 p. :
_bil. ;
_c28 cm.
505 0 _tMedidas de peso y volumen --
_tDensidad de líquidos y sólidos --
_tCalor especifico --
_tLos fenómenos químicos --
_tReacciones de ácidos y metales --
_tComposición porcentual de un hidrato --
_tLey de Proust --
_tCalculo de la formula empírica de un compuesto --
_tLey de Lavoisier --
_tCálculo del peso atómico de un metal desconocido --
_tVolumen molar de un gas --
_tSoluciones y solubilidad --
_tTitulación ácido base --
_tVelocidad de reacción --
_tConstante de equilibrio, Ke --
_tAguas duras y blandas --
_tEl pH y las soluciones reguladoras --
_tCalor de reacción --
_tOxidación-reducción : números de oxidación --
_tReacciones Redox --
650 4 _aQUÍMICA
_xENSEÑANZA SUPERIOR
650 4 _aQUÍMICA
_xEDUCACIÓN SUPERIOR
650 4 _aQUÍMICA
_xESTUDIOS Y EJERCICIOS
650 4 _aQUÍMICA
_xMANUALES DE LABORATORIO
910 _aValidado. Control de calidad MFF
942 _2ddc
_cBK
945 _ainventariado, 2018 / dg
999 _c10153
_d10153